Statistics for Colors: True or False

Click here to take the quiz!

General Stats

  • This quiz has been taken 78 times
  • The average score is 9 of 16

Answer Stats

QuestionAnswer% Correct
Red and yellow stimulate hunger.True
70%
Red is the first primary colour a baby sees.True
69%
Pink can curb anger.True
64%
The sun is yellow.False
61%
White cars get into fewer road collisions.True
59%
Worldwide, green is the most common favorite color.False
58%
Green and red peppers are different varieties of peppers.False
53%
Octopuses have clear colored blood.False
52%
Some chickens can naturally lay blue, green, pink, and brown eggs.True
52%
Men and women see colors differently.True
52%
Colour blind people also have poor night vision.False
50%
The average color of the Universe is black.False
47%
Dogs see in black and white.False
47%
Redheads require more anesthesia to be knocked out for surgery.True
47%
Red cars cost more to insure.False
39%
The biggest sperm bank in the world turns down redheaded donors.True
36%

Score Distribution

Percentile by Number Answered

Percent of People with Each Score

Your Score History

You have not taken this quiz